000
00307 a2200157 4500
001
59085
020
_a
040
_c
Anchieta - Pituba
100
_a
Élis, Bernado
240
1
0
_a
O tronco
_l
por
245
1
0
_a
O tronco
300
_a
256
362
0
_a
1967
650
4
_a
Ficção brasileira
942
_c
BK
999
_c
59085
_d
59085